[Event "Fagernes Norsk op-A"]
[Site "Fagernes"]
[Date "2014.04.19"]
[Round "8"]
[White "Postny, Evgeny"]
[Black "Boruchovsky, Avital"]
[Result "1-0"]
[WhiteElo "2630"]
[BlackElo "2492"]
[Annotator "Postny,E"]
[PlyCount "101"]
[EventDate "2014.04.13"]
[EventType "swiss"]
[EventRounds "9"]
[EventCountry "NOR"]
[SourceTitle "CBM 160"]
[Source "ChessBase"]
[SourceDate "2014.05.15"]
[SourceVersion "1"]
[SourceVersionDate "2014.05.15"]
[SourceQuality "1"]

{Before the 8th round I had 5.5 points and got paired against my young
compatriot Avital Boruchovsky, who had half a point less. In order to retain
good chances for the first place I had to try to make the most of my last game
as White in this tournament.} 1. d4 Nf6 2. Nf3 d5 3. c4 e6 4. g3 Be7 5. Bg2 O-O
6. O-O dxc4 7. Qc2 a6 8. a4 {Preventing the advance b7-b5.} (8. Qxc4 b5 9. Qc2
Bb7 {has an immense amount of theory.}) 8... Bd7 9. Rd1 Bc6 10. Bg5 $5 {
This move is very rare, but I'd already played it in the recent European
championship and was satisfied with the position I got after the opening and
the outcome of the game. So, I decided to give it another try. Depending on
Black's reply, White's queenside knight will be developed to c3 or d2
respectively.} (10. Nc3 {is the main move here, which I've played several
times also. Here is how the play continues:} Bxf3 11. Bxf3 Nc6 12. Bxc6 bxc6
13. a5 Rb8 (13... Qb8 14. Bg5 Qb3 15. Qxb3 cxb3 16. Ne4 $1 Nxe4 17. Bxe7 Rfe8
18. Ba3 e5 19. Rac1 exd4 20. Rxd4 c5 21. Rd7 Rad8 22. Rxd8 Rxd8 23. f3 Nd6 24.
Bxc5 $14 {1/2-1/2 (45) Postny,E (2628)-Rozentalis,E (2607) Trieste 2013}) 14.
Ra4 Rb4 15. Na2 Rxa4 16. Qxa4 Qb8 17. Qxc4 Qb7 $11 {1/2-1/2 (30) Leko,P (2737)
-Aronian,L (2816) Istanbul 2012}) 10... b5 $146 {A principled novelty. Black
wishes to keep his extra pawn, at least for a while.} (10... a5 11. Nbd2 Na6
12. Nxc4 Nb4 13. Qb3 Bd5 14. Nfe5 Bxg2 15. Kxg2 c6 16. Bxf6 Bxf6 17. e4 Be7 18.
Rac1 $14 {1-0 (37) Postny,E (2635)-Simonian,T (2425) Yerevan 2014}) 11. Bxf6 {
This knight is an important defender of Black's position.} Bxf6 12. Nc3 Qe7 (
12... Nd7 $2 {falls to} 13. Ng5 {This, basically, was the point of 11.Bxf6.}) (
12... Qe8 {is the first choice of an engine, but looks awkward. After} 13. e4 {
White should have fairly good compensation.}) 13. e4 (13. axb5 axb5 14. Rxa8
Bxa8 15. Nxb5 Qb4 16. Na3 c5 $11) 13... g6 {Securing the dark-squared bishop.}
14. axb5 axb5 15. Rxa8 Bxa8 16. Nxb5 {So, White got back the pawn and keeps
the strong centre. However, Black's powerful bishops yield him sufficient
counterplay.} Qb4 {So far my opponent played very quickly; he had definitely
come well prepared.} 17. Nc3 (17. Nxc7 Bc6 {[%csl Rc7]} 18. Rc1 Rc8 19. Qxc4
Qxc4 20. Rxc4 Rxc7 21. d5 Bxb2 22. dxc6 Bg7 $11) (17. Na3 Rd8 18. Nxc4 Bxe4 19.
Qxe4 Qxc4 $11) 17... Nd7 18. Ra1 {I wasn't sure what to do here, so decided to
put the rook on the only opened file. Now 19.Ra4 is sort of a threat, trying
to get the Pc4.} Nb6 (18... Bc6 {was also perfectly playable.}) 19. Qd2 {
The queen is heading to the kingside.} Rd8 (19... c5 {was a serious
alternative, undermining White's centre.} 20. d5 (20. e5 Bg7 21. Ne1 Bxg2 22.
Nc2 $1 Qb3 (22... Qxb2 $6 23. Rb1 {trapping the queen}) 23. Kxg2 Nd7 24. f4 {
The position is balanced.}) 20... exd5 21. exd5 Rd8 22. d6 Nd7 (22... Bxf3 23.
Bxf3 Bd4 24. Ra7 Rxd6 25. Rb7 Kg7 26. Qe2 $1 Bxc3 27. Qe8 Rf6 28. Rb8 Rxf3 29.
Qf8+ Kf6 30. Qd6+ Kg7 $11) 23. Re1 Kg7 {Here the Pd6 might be a weakness in
the long term.}) 20. Ra7 (20. Qf4 $6 Qxb2 21. Rb1 Qxc3 22. Qxf6 Rf8 {I was
trying to make this line work, but White simply doesn't have enough attacking
resources. Meanwhile, the passed c-pawn is a serious factor.}) 20... e5 $1 ({
After} 20... c5 $2 21. d5 {White is crushing through.} Bxc3 (21... exd5 22. e5
Bg7 23. e6 $1 $18) 22. Qf4 $1 {[%csl Rf7] An important intermezzo.} Rd7 23.
bxc3 Qb1+ 24. Bf1 e5 (24... Rxa7 25. Qb8+ Kg7 26. Qxa7 Qxe4 27. Ng5 Qf5 28.
Nxe6+ Kh6 29. Nc7 $18) 25. Rxa8+ Nxa8 26. Nxe5 Ra7 27. d6 $18) 21. d5 (21. Rxc7
$2 exd4 22. Qf4 Qd6 {is in Black's favour.}) 21... c6 {If Black manages to
ruin White's centre successfully, he will have the upper hand. So, I really
have to create some threats, to keep the initiative going.} 22. Ng5 Be7 ({
I expected} 22... Rd7 23. Rxd7 Nxd7 {and thought that I might be even slightly
worse here, but perhaps it's just equal.}) 23. Qe3 Nd7 24. Bh3 Nf6 25. Be6 $1 {
The best, at least from a practical point of view. I saw that against the
correct defence it does not give any more than a draw, but on the other hand I
was worried about just getting worse without any prospects.} (25. dxc6 Bxc6 26.
Rc7 {was, actually, okay for White, but during the game I was less optimistic
about this position.}) 25... fxe6 26. Nxe6 Re8 {It was also possible to put
the rook on another square.} (26... Rb8 27. Qh6 Ne8 28. h4 {An attempt to
reinforce the attack a bit.} (28. Rd7 cxd5 29. exd5 Rb7 30. Ng5 Nf6 31. Ne6 Ne8
$11) 28... Bb7 29. dxc6 (29. h5 Bf8 30. Qg5 Be7 $11) 29... Bxc6 30. Ng5 (30. h5
gxh5 31. Qxh5 Rb7 32. Ra8 Rb8 $11) 30... Nf6 31. Nxh7 $1 Nxh7 32. Qxg6+ Kh8 33.
Qxc6 Qc5 34. Qd7 Rf8 35. Nd1 Rd8 36. Qxe7 Rxd1+ 37. Kg2 Qxe7 38. Rxe7 Nf6 39.
Rxe5 Rd2 40. Rc5 Rxf2+ 41. Kxf2 Nxe4+ 42. Ke3 Nxc5 43. Kd4 Na4 44. Kxc4 Nxb2+
$11) 27. Qh6 Bf8 28. Qg5 Qb8 $2 {This was a pleasant surprise. Instead Black
had two logical options, both could lead to a draw, with optimal play.} (28...
Nh5 29. Qxe5 (29. g4 Ng7 30. Qh6 Rxe6 $1 31. dxe6 Bb7 32. Qg5 Nxe6 33. Qxe5 Nc5
34. Na4 $1 Nxa4 35. Qe6+ Kg7 36. Qd7+ Kh6 37. Rxb7 Qe1+ 38. Kg2 Qxe4+ 39. f3
Qe2+ 40. Kg3 Qe1+ $11) 29... Qd6 30. Qd4 cxd5 31. Nc7 Bg7 32. Qd2 Qc5 33. Rxa8
Rxa8 34. Nxa8 Bxc3 35. bxc3 Nf6 {The knight on a8 is not doomed, but Black's
compensation for the pawn is, definitely, sufficient for equality.}) (28... Be7
29. Qxe5 (29. Qh6 Bf8 $11) 29... Qd6 (29... Qb6 $1 30. Qc7 Qxb2 31. Rxa8 Qxc3
32. Qxe7 Qe1+ 33. Kg2 Qxe4+ $11) 30. Qd4 cxd5 31. Nc7 {Compared to the line 28.
..Nh5, here Black doesn't have the resource Bf8-g7.} Rc8 32. e5 Qc5 33. Qxc5
Bxc5 34. Rxa8 Rxa8 35. Nxa8 Ng4 36. Nxd5 $14) 29. Rxa8 Qxa8 30. Qxf6 {Now it's
clear that White is on top. He has a pawn for the exchange, but more
importantly, an overwhelming initiative. The powerful duo queen + knight
interact perfectly.} Qa1+ $6 (30... Qb7 31. Nd8 Qc7 32. Nxc6 $16) 31. Kg2 Qxb2
$2 {Consequently continuing the wrong idea.} (31... Qa7 $16) 32. d6 $2 {
I had a strong feeling that I should be winning here fairly easily, but mixed
up the order of moves.} (32. Ng5 $1 Qb7 (32... Re7 33. d6 Ra7 34. Qe6+ Kh8 35.
d7 $18) 33. dxc6 Qg7 34. Nd5 {and it's over. The second knight joins the
battle at the right moment.}) 32... Qb7 33. Nc7 Rb8 $2 (33... Qc8 $1 34. Nxe8
Qxe8 {The knight is restricted, the Pd6 will fall soon, so Black is back in
the game.}) 34. Qxe5 $2 {Too greedy.} (34. Qe6+ Kh8 35. Ne8 $1 {would win
without too much of a drama.}) 34... Qc8 $2 (34... Qb4 $1 35. Ne8 Rxe8 36. Qxe8
Qxd6 {would keep Black alive.}) 35. Qd4 Bg7 36. Qxc4+ Kh8 37. Ne6 ({Now it was
a better timing to be greedy:} 37. Qxc6 $18) 37... Bf6 $1 38. Nc5 Qg8 39. Qxg8+
{The most practical decision, considering the time scramble. I should also
mention that the time control in this specific tournament didn't include any
increment of thirty seconds after each move.} Rxg8 40. N3a4 $18 Be5 41. d7 {
My play in time trouble was far from convincing, but the advantage is still
sufficient for a win.} Rd8 42. f4 Bc7 43. e5 Kg8 44. Nb2 $1 {I figured out the
most effective setup. The knight goes to d3 where it will protect the other
knight and the Pe5. After that the advance of the pawn phalanx is easy.} Kf7 (
44... Ra8 45. Nbd3 Ra2+ 46. Kf3 Rxh2 47. Nb4 $18) 45. Nbd3 {The idea Nd3-b4 is
also on the agenda.} Bb6 46. g4 h5 47. gxh5 gxh5 48. Kf3 Rg8 49. f5 {It's
always nice to have three connected passed pawns, especially in the endgame.}
Rg4 50. e6+ Kf6 51. Ne4+ 1-0

[Event "FRA-ch playoff"]
[Site "Epinal"]
[Date "1986.09.??"]
[Round "4"]
[White "Renet, Olivier"]
[Black "Miralles, Gilles"]
[Result "0-1"]
[WhiteElo "2480"]
[BlackElo "2360"]
[Annotator "Primel,D"]
[PlyCount "130"]
[EventDate "1986.09.??"]
[EventType "match"]
[EventRounds "4"]
[EventCountry "FRA"]
[SourceTitle "EXT 2008"]
[Source "ChessBase"]
[SourceDate "2007.11.25"]
[SourceVersion "1"]
[SourceVersionDate "2007.11.25"]
[SourceQuality "1"]

1. d4 Nf6 2. c4 e6 3. g3 {RENET mène d'un point avant cette dernière ronde et
il choisit de continuer le duel théorique sur la Catalane pour prendre peu de
risque.} d5 4. Bg2 Be7 5. Nf3 O-O 6. O-O dxc4 7. Qc2 a6 8. Qxc4 (8. a4 {
l'alternative}) 8... b5 9. Qc2 Bb7 10. Bf4 {[%csl Rc7] Duel théorique sur
cette variante dans ce match de départage} (10. Bd2 $142 {[%csl Rc7][%cal
Gd2a5,Ga5c7,Gb2b4] Une idée popularisée par le GMI SOSONKO et qui a donné
beaucoup de points précieux récemment а KRAMNIK.}) (10. Bg5) 10... Nc6 (10...
Nd5 11. Nc3 Nxf4 12. gxf4 {[%csl Ge5]} Nd7 (12... Nc6 13. Rfd1 Nb4 14. Qc1 Qb8
15. a3 Nd5 16. Ne5 $13 {[%csl Ge5]}) 13. Rfd1) 11. Rd1 (11. Nc3 Nb4 (11... Nxd4
$6 12. Nxd4 Bxg2 13. Rfd1 $40 {[%cal Gd1d8,Gd4e6,Gg1g2]})) 11... Nb4 12. Qc1
Nbd5 13. Bg5 $6 $146 {Une tentative d'amélioration sur la 2ème partie du match.
} (13. Nbd2 $142 Nxf4 14. gxf4 c5 15. dxc5 Qc7 16. c6 $1 (16. Nb3 {[%cal Gb3c5]
;Renet,O (2480)-Miralles,G (2360) FRA-ch playoff Epinal 1986 (2) 1/2}) 16...
Qxc6 17. Qxc6 Bxc6 18. Ne5 $1 {[%csl Ge5] Malgré la paire de B, le Ne5 et la
faiblesse de la case "c6" laissent un avantage durable aux blancs. La 8ème
rangée des noirs est souvent aussi un thème tactique exploitable par les
blancs.} (18. Rac1) 18... Bxg2 (18... Bd5 19. a4 $1 Rac8 20. axb5 axb5 21. Rdc1
$14) 19. Kxg2 Rfc8 {[%csl Rc6];Csom,I (2500)-Parma,B (2500) Rome 1981 1/2})
13... Rc8 14. Nc3 c5 15. Nxd5 Bxd5 16. Qf4 Qc7 $5 {Un moment critique de la
partie: MIRALLES doit absolument gagner cette partie et il choisit pourtant la
suite la plus technique} 17. Qxc7 Rxc7 18. Bf4 Rcc8 19. dxc5 Rxc5 20. Ne1 Bxg2
21. Kxg2 Nd5 22. Rac1 Rfc8 23. Bd2 f5 24. Rxc5 Rxc5 25. Rc1 Rxc1 26. Bxc1 Nb4
$1 27. a3 {Un gain de temps important pour recycler le N sur une case plus
active et créer une faiblesse blanche sur cases noires а l'aile dame. La
finale est encore relativement égale mais l'ajournement doit permettre de
trouver un plan de gain pour les noirs.} Nc6 28. Nd3 Kf7 $15 {[%csl Rc1]} 29.
f3 Bf6 $1 {[%csl Rb2]} 30. Bd2 Ke7 31. Bb4+ Kd8 (31... Nxb4 $2 32. axb4 $11 {
[%csl Ra6]}) 32. Kf2 a5 33. Bc5 a4 {[%csl Rb2]} 34. Ke3 Kc7 35. Kd2 Na5 {
[%csl Rb3]} 36. Kc2 Kc6 37. Be3 g6 38. Bd2 Nc4 39. Bc1 {[%cal Gb2b3]} Na5 40.
h3 Nb3 41. Be3 Kd5 42. Nf4+ Kd6 43. Nd3 e5 44. Nc1 Nc5 {Ajournement} 45. Na2 (
45. b3 e4 46. bxa4 Nxa4 47. Na2 {[%csl Rc3]}) 45... Ne6 46. Nc3 Kc6 47. Kd3 h5
48. Nd1 Be7 49. Bd2 Bd6 50. e4 f4 51. gxf4 exf4 52. Ke2 Nd4+ 53. Kf2 Be5 54.
Bc3 $6 {Après Kc5, la position blanche devient critique} (54. Bb4 {[%csl Gc5]}
Bd6 55. Bd2 Kc5 56. Bb4+) (54. Be1) 54... Kc5 $1 $40 55. Bxd4+ Bxd4+ 56. Ke2
Kc4 57. Kd2 Kb3 $19 58. Kd3 Be5 $1 59. Kd2 g5 {[%cal Gg5g4,Gh5h1]} 60. Kc1 b4
61. axb4 g4 $3 62. fxg4 hxg4 63. hxg4 f3 64. Kd2 Bxb2 $1 {La pointe finale qui
donne le titre а Miralles а cause de son meilleur départage dans le tournoi.}
65. Nxb2 Kxb2 {[%cal Ga4a1][%mdl 4096]} 0-1

[Event "CHN-chT 2nd"]
[Site "China"]
[Date "2006.11.14"]
[Round "14"]
[White "Wang, Yue"]
[Black "Zhao, Zong Yuan"]
[Result "1-0"]
[WhiteElo "2598"]
[BlackElo "2525"]
[Annotator "Primel,D"]
[PlyCount "95"]
[EventDate "2006.04.04"]
[EventType "team-tourn"]
[EventRounds "18"]
[EventCountry "CHN"]
[SourceTitle "EXT 2017"]
[Source "ChessBase"]
[SourceDate "2016.10.25"]
[SourceVersion "1"]
[SourceVersionDate "2016.10.25"]
[SourceQuality "1"]
[WhiteTeam "Tianjing"]
[BlackTeam "Shandong"]
[WhiteTeamCountry "CHN"]
[BlackTeamCountry "CHN"]

1. c4 e6 2. Nf3 d5 3. g3 Nf6 4. Bg2 Be7 5. d4 O-O 6. O-O dxc4 7. Qc2 a6 8. a4 (
8. Qxc4 {L'alternative} b5) 8... Bd7 9. Qxc4 Bc6 10. Bg5 (10. Bf4 a5 11. Nc3
Na6 12. Rac1 Nb4 13. Rfe1 $14 {[%cal Ge2e4]}) 10... Bd5 (10... a5 11. Nc3 Na6
12. Bxf6 Bxf6 13. e4 $14) 11. Qc2 Be4 {Le thème de la variante et les Noirs
tentent de retarder indirectement le développement du Nc3} 12. Qd2 {Une ligne
secondaire un peu douteuse} (12. Qd1 $142 h6 13. Bxf6 Bxf6 14. Nc3 Bg6 15. a5
Nd7 16. Qb3 Rb8 17. Rfd1 Qe8 18. Qc4 c6 19. Nd2 Be7 20. b4 Nf6 21. e4 b5 22.
Qb3 Rd8 23. Ne2 Qd7 24. Qc3 Qa7 25. f3 e5 26. Nb3 Nd7 27. Kh1 f6 28. dxe5 fxe5
29. f4 Bf7 30. fxe5 Nxe5 31. Qxe5 Rxd1+ 32. Rxd1 Bxb3 33. Rc1 Bc4 34. Rxc4 bxc4
35. Qe6+ Rf7 36. Qxc4 Qf2 37. h4 Bxb4 38. e5 Bxa5 39. Bxc6 Kh8 40. Bg2 Bb6 41.
Qxa6 Qc5 {Almasi,Z (2689)-Kryvoruchko,Y (2717) Reykjavik 2015 1/2-1/2}) (12.
Qc1 $142 h6 13. Bxf6 Bxf6 14. Nc3 Bxf3 15. Bxf3 c6 16. e3 a5 17. Ne4 Na6 18.
Qc4 $14 {Ilincic,Z (2557)-Abramovic,B (2474) SCG-chT Budva 2003 (3.42) 1/2})
12... h6 (12... c5 {Le Champion du Monde avait fait une démonstration
technique dans une partie fameuse jouée en 2001.} 13. dxc5 Bxc5 14. Qxd8 Rxd8
15. Nbd2 $14 {Kramnik,V (2797)-Gelfand,B (2712) Astana 2001 (1) 1-0}) (12...
Nc6 {Il faut peut-être tenter d'économiser le coup "h6"} 13. Nc3 (13. Rd1)
13... Bxf3 14. Bxf3 Nxd4 (14... Qxd4 15. Qxd4 Nxd4 16. Bxb7 Rab8 (16... Ra7 17.
Bg2 {[%csl Gg2]} c5 18. Rfd1 Rb8 $132 {[%csl Rb2]}) 17. Bxa6) 15. Bxb7 Nb3 16.
Qxd8 Raxd8 17. Rad1 {[%csl Ra6,Rc7]} Nc5 $1 $132 {[%cal Gc5b7,Gc5a6]}) 13. Bxf6
Bxf6 14. Rd1 {Une nouveauté dans cet ordre de coups} (14. Nc3 Bxf3 15. Bxf3 c6
16. e3 a5 17. Ne4) 14... Nc6 (14... a5 $5 15. Nc3 Bc6 16. e3 Na6 {La position
Noire est solide mais un peu passive}) 15. e3 e5 $6 $146 (15... Be7 16. Qe2 Bb4
17. Bf1 Na5 18. Nbd2 Bxf3 19. Nxf3 Qe7 20. Ne5 Rfd8 21. Nd3 Bd6 22. Rab1 e5 23.
dxe5 Bxe5 24. Qh5 Nc6 25. Bg2 Bf6 26. Bd5 Rab8 27. Rbc1 Qe8 28. Nc5 Nb4 29.
Bxb7 Bxb2 30. Rxd8 Rxd8 31. Rb1 Rd2 32. Be4 a5 33. Nb3 Rd6 34. Bf3 Nd3 35. Qxa5
Rb6 36. Qd5 Qxa4 37. Qd8+ Kh7 38. Qxd3+ {1-0 (38) Fyllingen,R (2390)-Ogaard,L 
(2440) Norway 1998}) 16. d5 $1 Ne7 17. Nc3 Bxf3 (17... Bh7 18. e4 $14 {[%csl
Rh7]}) (17... Bf5 18. e4 Bg4 19. h3 $14) 18. Bxf3 Nc8 {[%cal Gc8d6]} 19. Rac1 (
19. Ne4 Nd6 20. Rac1 $14) 19... Nd6 (19... Be7 $5 {[%cal Ge7d6]}) 20. Qc2 Rb8
21. a5 $1 {[%cal Gc3a4,Ga4c5,Gc2c7]} Be7 22. Be2 (22. Na4 Ne8 23. Nc5 $36)
22... Ne8 23. Ne4 Bd6 24. Nc5 Qe7 25. b4 $1 {[%csl Gc5] La position Noire est
très passive} Nf6 26. Bf1 Rfd8 27. e4 Qe8 28. Qb1 Qe7 {Les Noirs doivent
attendre une faute adverse} 29. Rc4 $1 $16 {[%cal Gd1c1,Gc4b4]} Qe8 30. Rdc1
Nd7 31. R4c3 Qe7 32. h4 $1 {Il faut tenter de créer une seconde faiblesse et
l'avantage d'espace des Blancs permet au chinois de manoeuvrer} Nf6 33. Qc2 (
33. Bh3 $5) 33... Qe8 34. Rb1 $1 Qf8 35. Rc4 $5 {Les Noirs sont privés de
contre-jeu et la poussée b4b5 peut attendre} (35. b5 axb5 36. Rxb5 {[%csl Rb7]
}) 35... Nd7 36. Kh2 Nf6 37. f3 g5 $6 {Les Noirs perdent patience face à la
torture Catalane} 38. hxg5 hxg5 39. Be2 $1 {[%cal Gb1h1]} g4 $2 (39... Qh6+ $1
40. Kg2 Kg7 41. Rh1 Qg6 $13 {[%cal Gd8h8]}) 40. fxg4 Qh6+ 41. Kg2 Qg6 42. g5
Nh7 (42... Qxg5 43. Rf1 {[%cal Gf1f5]}) 43. Bg4 $1 {[%cal Gg4f5]} Nxg5 $2 (
43... Qxg5 $8 {Un moindre mal mais la finale est assez pénible à jouer pour
les Noirs} 44. Bf5 Nf6 45. Qc1 Qxc1 46. Rbxc1) 44. Bf5 $40 Qf6 45. Qe2 {
[%cal Ge2h5,Gb1h1]} Kh8 (45... Kg7) 46. Rcc1 (46. Rh1+) 46... Qe7 47. Rh1+ Kg8
48. Nxb7 1-0

[Event "Canadian op"]
[Site "Winnipeg"]
[Date "1997.07.19"]
[Round "9"]
[White "Psakhis, Lev"]
[Black "Stefansson, Hannes"]
[Result "1/2-1/2"]
[WhiteElo "2565"]
[BlackElo "2545"]
[Annotator "Psakhis,L"]
[PlyCount "54"]
[EventDate "1997.07.12"]
[EventType "swiss"]
[EventRounds "9"]
[EventCountry "CAN"]
[SourceTitle "CBM 060 Extra"]
[Source "ChessBase"]
[SourceDate "1997.11.04"]
[SourceVersion "1"]
[SourceVersionDate "1997.11.04"]
[SourceQuality "1"]

{[%mdl 8]} 1. d4 Nf6 2. c4 e6 3. g3 d5 4. Bg2 Be7 5. Nf3 O-O 6. Nc3 dxc4 7. Ne5
c5 8. dxc5 Qc7 9. Nxc4 Bxc5 10. O-O Bxf2+ (10... Rd8 11. Bf4 Qe7 12. Qc2 Nc6
13. Bxc6 bxc6 14. Bg5 Bd4 15. Ne4 Ba6 16. e3 Bxc4 17. Qxc4 Bxb2 18. Rab1 $14 {
1-0 Vaulin,A-Stanojevic,B/YUG-ch op Nis 1996 (33)}) 11. Rxf2 Qxc4 12. Rxf6 $1
gxf6 13. Bh6 Nd7 $1 {N} (13... Nc6 14. e3 $1 Rd8 15. Qh5 e5 16. Ne4 Qe6 17. Qh4
Kh8 18. Nxf6 Ne7 19. Rf1 Ng6 20. Qh5 $18 {0-1 Thinius,M-COMP Mephisto/Berlin
1992 (32)}) (13... Qc5+ 14. e3 f5 15. Rc1 (15. g4 f4 16. Kh1 fxe3 17. Ne4 Qe7
18. Qd4 e5 19. Bxf8 Kxf8 20. Qxe3 Be6 21. Qh6+ Ke8 22. Rd1 $40 {1-0 Poutiainen,
P-Van,d/Reykjavik 1975 (27)}) 15... Qe7 16. Qd4 f6 17. Bxf8 Qxf8 18. Nb5 Nd7 (
18... Nc6 $5) 19. Nc7 Rb8 20. Nxe6 Qe7 21. Rc7 Kh8 22. Nc5 {1-0 Gheorghiu,
F-Varabiescu,G/Romania 1969}) 14. Ne4 (14. Bxf8 Kxf8 (14... Nxf8 15. Qd8 $36)
15. Qd6+ Ke8 16. Rd1 Qc5+ 17. Qxc5 Nxc5 18. Nb5 Ke7 19. Rc1 Nd7) 14... Qb4 $1 (
14... Rd8 15. Nxf6+ Kh8 16. e3 e5 $5 17. Qh5 Qe6 (17... Nxf6 $2 18. Qg5 Ne8 19.
Qxd8 $18) 18. Nxh7 $1 Qg6 19. Qh4 (19. Qxg6 $5 fxg6 20. Ng5 Re8 21. Rc1 $16)
19... Re8 20. Rf1 $1 Qxh7 21. Be4 f5 22. Bxf5 $18) 15. Rc1 f5 (15... Rd8 $2 16.
Nxf6+ Kh8 17. Qd3 $1 Qb6+ 18. Be3 Nxf6 19. Qc3 Qd6 20. Qxf6+ Kg8 21. Rf1 $1 Rd7
22. Rf4 Kf8 23. Rg4 $18) 16. Nd6 (16. e3 Qxb2) (16. Bxf8 $1 Qxf8 (16... Kxf8
17. Qd6+ Qxd6 18. Nxd6 Nb6 19. Rc7 Bd7 20. Rxb7 $16) (16... Nxf8 17. Nf6+ Kg7 (
17... Kh8 18. Qd8 Qb6+ 19. Qxb6 axb6 20. Rc7 $36)) 17. Nd6 Qd8 18. e4 $14)
16... Ne5 $1 (16... Rd8 17. Nxc8 (17. Rxc8 $2 Raxc8 18. Nxc8 Qc5+ 19. Kf1 Qxc8
20. Qd4 f6 $19) 17... Rdxc8 (17... Qxb2 18. Rc2 Qf6 (18... Qb4 19. Qc1 $1) 19.
Qc1 $18) 18. Rxc8+ Rxc8 19. Qxd7 Qb6+ 20. Kf1 Rd8 21. Qa4 $16) 17. Bxf8 Qb6+
18. e3 $1 (18. Kh1 Ng4 19. Nxc8 Nf2+ 20. Kg1 Nh3+ 21. Kh1 Nf2+ $11) 18... Qxe3+
19. Kh1 Ng4 20. Rc2 (20. Ne4 Kxf8) 20... Kxf8 $1 (20... Nf2+ 21. Rxf2 Qxf2 22.
Bh6 $18) 21. Nxc8 Nf2+ 22. Rxf2 Qxf2 23. Bxb7 (23. Qc1 $5) 23... Rb8 24. Qd8+
Kg7 25. Qg5+ Kh8 $1 (25... Kf8 $2 26. Qh6+ Ke8 (26... Kg8 27. Ne7+ Kh8 28. Qf6#
) 27. Bc6+ Kd8 28. Qf8+ Kc7 29. Qd6+ Kxc8 30. Qd7#) 26. Qd8+ Kg7 27. Qg5+ Kh8
1/2-1/2

[Event "Bundesliga 1112"]
[Site "Germany"]
[Date "2011.11.19"]
[Round "4.8"]
[White "Medvegy, Zoltan"]
[Black "Thesing, Matthias"]
[Result "1-0"]
[WhiteElo "2531"]
[BlackElo "2404"]
[Annotator "RR"]
[PlyCount "135"]
[EventDate "2011.10.14"]
[EventType "team-tourn"]
[EventRounds "15"]
[EventCountry "GER"]
[SourceTitle "CBM 146"]
[Source "ChessBase"]
[SourceDate "2012.01.18"]
[SourceVersion "1"]
[SourceVersionDate "2012.01.18"]
[SourceQuality "1"]
[WhiteTeam "Eppingen"]
[BlackTeam "Katernberg"]
[WhiteTeamCountry "GER"]
[BlackTeamCountry "GER"]

1. c4 e6 2. Nf3 d5 3. g3 Nf6 4. Bg2 Be7 5. d4 O-O 6. O-O dxc4 7. Qc2 a6 8. Qxc4
b5 9. Qc2 Bb7 10. Bd2 Be4 11. Qc1 Bb7 12. Qc2 Be4 13. Qc1 Bb7 14. Bf4 Bd6 15.
Rd1 Qe7 16. Nbd2 Nbd7 17. Ne5 Bxg2 18. Kxg2 Rac8 19. Nc6 Qe8 20. Bg5 e5 21.
Bxf6 Nxf6 22. e4 Nd7 23. d5 Nb6 24. Qc2 Kh8 25. Nf3 f6 26. b3 Ra8 27. a4 bxa4
28. bxa4 Nd7 29. Rab1 Nb8 30. Rb7 Nd7 31. Rb3 Qh5 32. h3 Rae8 33. Re1 f5 34.
exf5 Qxf5 35. Qxf5 Rxf5 36. Nfd4 Rff8 37. Ne6 Rg8 $6 (37... Rf5 38. a5 e4 $14)
38. Rb7 $18 Rc8 39. a5 h6 40. Reb1 Nf6 41. Na7 Ra8 42. Nxc7 Bxc7 43. Rxc7 Nxd5
44. Rd7 Nf6 45. Re7 Nd5 46. Rd7 Nf6 47. Rdb7 Rge8 48. Nc6 Rac8 49. R1b6 Ne4 50.
Rb8 $6 (50. Rf7 Kh7 51. h4 $18) 50... Rxb8 $14 51. Nxb8 Rf8 52. f3 Nd2 53. Nd7
Rxf3 54. Rxa6 Ra3 55. Nxe5 Ra2 56. Nc6 Nc4+ 57. Kf3 Ra3+ 58. Kf4 Ra4 59. Kf5
Kh7 60. h4 Ra3 61. g4 Ne3+ 62. Kf4 Ng2+ 63. Ke4 Nxh4 64. Ra8 Ra4+ $2 (64... Rc3
65. Nd4 Ng6 $16) 65. Kd5 $18 Rxg4 66. a6 Nf5 67. a7 Ra4 68. Re8 1-0